000 00368nam a22001457a 4500
999 _c145896
_d145896
082 _aS 294.592 1
_bARJ/S
100 _aArjun Prasad Mishra
245 _aSubodh Pooja Padathi/
_cby Arjun Prasad Mishra
260 _aJaipur:
_bVishwa Samvad Kendra,
_c2008.
300 _a118p.
650 _aVedic Literature
650 _aHinduism
650 _aReligion
942 _cBK